000 00869nam a22002537a 4500
003 SISC
005 20160204090943.0
008 130824t xxu||||| |||| 00| 0 eng d
020 _a9781590845752
050 _aRJ 101.7
_b.T47 2001
082 _aHS 618.92
_b.K28 2001
100 _aThoennes Keller, Kristin.
_910282
245 _aHealth care for infants and toddlers /
_cKristin Thoennes Keller.
260 _aMinnesota :
_bLife Matters,
_cc2001.
300 _a64 p. :
_bill, ;
_c24 cm.
500 _aincludes bibliographical and index.
562 _e1
650 _aInfants.
_xCare.
_xJuvenile Literature.
_913311
650 _aToddlers.
_xCare.
_xJuvenile Literature
_913312
650 _aInfants.
_xHealth and hygiene.
_xJuvenile Literature
_913313
650 _aToddlers.
_xHealth and Hygiene.
_xJuvenile Literature
_913314
942 _2lcc
_cBK
999 _c9347
_d9347